[Event "Tournoi Skype 030B"]
[Site "Skype"]
[Date "????.??.??"]
[Round "2.36"]
[White "Barba Cepeda, Julio Cesar"]
[Black "Koohnavard, Neda"]
[Result "1-0"]
[WhiteElo "1139"]
[BlackElo "1000"]
[PlyCount "53"]

1. e4 e5 2. Nf3 Nc6 3. Bc4 Nh6 4. d4 d6 5. dxe5 Bg4 6. exd6 Bxd6 7. O-O Bxf3 8.
Qxf3 Qh4 9. g3 Qe7 10. Nc3 Nd4 11. Qd3 Bc5 12. Nd5 Qd7 13. Bxh6 gxh6 14. Nf6+
Kd8 15. Nxd7 Kxd7 16. Rae1 f6 17. e5 fxe5 18. c3 Rae8 19. cxd4 Bxd4 20. b3 Re7
21. Rxe5 Rhe8 22. Qxd4+ Kc8 23. Rxe7 Rxe7 24. Qxa7 h5 25. Rd1 c6 26. Qa8+ Kc7
27. Qd8# 1-0

[Event "Tournoi Skype 030B"]
[Site "Skype"]
[Date "????.??.??"]
[Round "2.38"]
[White "Guillaume, Mickael"]
[Black "Trapletti, Cosetta"]
[Result "0-1"]
[WhiteElo "1106"]
[BlackElo "1000"]
[PlyCount "42"]

1. d4 d5 2. c4 e6 3. Nc3 c5 4. cxd5 exd5 5. e3 Nf6 6. Nf3 Bd6 7. Bd3 O-O 8. O-O
Nc6 9. Qc2 g6 10. b3 Re8 11. Qb1 Nb4 12. e4 cxd4 13. Nxd4 Be5 14. Nde2 Nxd3 15.
Qxd3 dxe4 16. Qc2 Qd6 17. g3 Bh3 18. Rd1 Qe6 19. Bf4 Qg4 20. Nxe4 Qf3 21. Nxf6+
Bxf6 0-1

[Event "Tournoi Skype 030B"]
[Site "Skype"]
[Date "????.??.??"]
[Round "2.40"]
[White "Baker, Abi"]
[Black "Vincent, Andre"]
[Result "0-1"]
[WhiteElo "1023"]
[BlackElo "1332"]
[PlyCount "124"]

1. c4 Nf6 2. g3 c6 3. Bg2 e6 4. Nc3 Be7 5. e4 d6 6. Nge2 O-O 7. O-O Nbd7 8. b4
a6 9. a4 Nb6 10. d3 Bd7 11. Be3 Nc8 12. a5 c5 13. b5 axb5 14. cxb5 Rxa5 15. Ra4
b6 16. Bf4 Na7 17. e5 dxe5 18. Bxe5 Nd5 19. Rg4 g6 20. Ne4 Nxb5 21. Qd2 f5 22.
Qh6 Bf6 23. Nxf6+ Nxf6 24. Rh4 Rf7 25. Nf4 Qf8 26. Qg5 Qg7 27. Nh5 gxh5 28.
Qxg7+ Kxg7 29. Rxh5 h6 30. Rh4 Kh7 31. Bf4 Ng4 32. f3 Nd4 33. fxg4 Ne2+ 34. Kh1
Nxf4 35. Rxf4 Ra1+ 36. Bf1 Bc6+ 37. Kg1 Bb5 38. g5 Kg7 39. gxh6+ Kh7 40. g4
Bxd3 41. Kf2 Rxf1+ 42. Kg3 Rxf4 43. Kxf4 fxg4+ 44. Kxg4 e5 45. Kg5 Rf4 46. Rxf4
exf4 47. Kxf4 c4 48. Ke5 b5 49. Kd4 b4 50. h3 Kxh6 51. Kc5 b3 52. Kb4 b2 53.
Kc3 b1=Q 54. Kd2 Qc2+ 55. Ke3 Qe2+ 56. Kd4 Qe4+ 57. Kc3 Kh5 58. Kb4 Kh4 59. Kc3
Kxh3 60. Kb4 Qd4 61. Kb5 c3+ 62. Kc6 c2 0-1

[Event "Tournoi Skype 030B"]
[Site "Skype"]
[Date "????.??.??"]
[Round "2.41"]
[White "Grib, Jessica"]
[Black "Yepes Bermudez, Maribel"]
[Result "0-1"]
[WhiteElo "1012"]
[BlackElo "1287"]
[PlyCount "36"]

1. e4 d5 2. exd5 Qxd5 3. Nc3 Qa5 4. Bc4 c6 5. Nf3 Nf6 6. d3 Bf5 7. Ng5 e6 8.
Bd2 Qc7 9. Qf3 Nbd7 10. Bf4 Ne5 11. Qe3 Bd6 12. d4 Nxc4 13. Qc1 Bxf4 14. Qb1
Bxg5 15. O-O Nd2 16. Qe1 Nxf1 17. Qxf1 Ng4 18. f3 Qxh2# 0-1

[Event "Tournoi Skype 030B"]
[Site "Skype"]
[Date "????.??.??"]
[Round "2.42"]
[White "Latterra, Jeremias"]
[Black "Vervoort, Jean-Louis"]
[Result "1/2-1/2"]
[WhiteElo "1006"]
[BlackElo "1273"]
[PlyCount "62"]

1. d4 d5 2. Nf3 Bg4 3. e3 e6 4. Nbd2 Nf6 5. Bd3 Nc6 6. O-O Qd6 7. Re1 e5 8. c4
e4 9. c5 Qd7 10. Qb3 Na5 11. Bb5 Nxb3 12. Bxd7+ Nxd7 13. axb3 exf3 14. g3 b6
15. e4 dxe4 16. Rxe4+ Be7 17. Rxg4 O-O 18. Nxf3 bxc5 19. Bh6 Bf6 20. Ra6 Kh8
21. Bxg7+ Bxg7 22. h4 h6 23. h5 Nf6 24. Rf4 Nxh5 25. Rh4 Nf6 26. Rc6 cxd4 27.
Nxd4 Rad8 28. Rxc7 Ng8 29. Nf5 Bf6 30. Ra4 Rd1+ 31. Kg2 Rd5 1/2-1/2

[Event "Tournoi Skype 030B"]
[Site "Skype"]
[Date "????.??.??"]
[Round "2.43"]
[White "Hernandez Monzon, Alejandro"]
[Black "Hernandez, Ivan"]
[Result "1-0"]
[WhiteElo "1242"]
[BlackElo "1016"]
[PlyCount "39"]

1. e4 e5 2. Nf3 Nc6 3. c3 d6 4. d4 exd4 5. cxd4 d5 6. e5 Qe7 7. h3 Nf6 8. Bd3
g6 9. O-O Ne4 10. Nc3 Bf5 11. Nxd5 Qd7 12. Bxe4 Bxe4 13. Nf6+ Kd8 14. Nxd7 Kxd7
15. Re1 Bf5 16. d5 Nd8 17. e6+ fxe6 18. dxe6+ Ke7 19. Bg5+ Ke8 20. Qd7# 1-0

[Event "Tournoi Skype 030B"]
[Site "Skype"]
[Date "????.??.??"]
[Round "2.44"]
[White "Vasquez Donaire, Ivis Godofredo"]
[Black "Jones, Malcolm"]
[Result "0-1"]
[WhiteElo "1003"]
[BlackElo "1240"]
[PlyCount "54"]

1. e4 d6 2. Nf3 e5 3. Bb5+ c6 4. Bc4 h6 5. O-O Nf6 6. d3 Be7 7. h3 Nbd7 8. Bb3
g5 9. Re1 Nf8 10. c3 Ng6 11. Bc2 Bd7 12. Be3 Nf4 13. Bxf4 gxf4 14. Nbd2 Qc8 15.
c4 Bxh3 16. d4 Rg8 17. Nh4 Bxg2 18. Nxg2 Qh3 19. Qf3 Qg4 20. Bd3 O-O-O 21. Be2
Rg6 22. Bf1 Rdg8 23. d5 c5 24. Rab1 Rg5 25. b4 Rh5 26. bxc5 Qh4 27. Qg4+ Rxg4
0-1

[Event "Tournoi Skype 030B"]
[Site "Skype"]
[Date "????.??.??"]
[Round "2.45"]
[White "Quiel, Aristoteles"]
[Black "Barajas, Nestor"]
[Result "1-0"]
[WhiteElo "1196"]
[BlackElo "1007"]
[PlyCount "41"]

1. d4 Nf6 2. c4 c6 3. Nc3 e6 4. Nf3 d5 5. Bg5 Be7 6. e3 h6 7. Bf4 O-O 8. g4
Nxg4 9. Rg1 Nf6 10. Bxh6 Kh7 11. Bxg7 Rg8 12. Ng5+ Kxg7 13. Nxe6+ Kh8 14. Nxd8
Rxg1 15. Nxf7+ Kg7 16. Ne5 Be6 17. c5 Bh3 18. Qc2 Rxf1+ 19. Kd2 Rxa1 20. Qg6+
Kf8 21. Qf7# 1-0

[Event "Tournoi Skype 030B"]
[Site "Skype"]
[Date "????.??.??"]
[Round "2.46"]
[White "De Nobrega, George"]
[Black "Fuentes, Francisco"]
[Result "1-0"]
[WhiteElo "1166"]
[BlackElo "1005"]
[PlyCount "57"]

1. e4 e6 2. d4 d5 3. exd5 Nf6 4. dxe6 Bxe6 5. a3 c6 6. Nf3 Nbd7 7. Bf4 h6 8.
Nbd2 Be7 9. Bc4 Bd5 10. Bxd5 Nxd5 11. Bg3 O-O 12. O-O f6 13. Nh4 Re8 14. Nf5
Kf7 15. Bd6 Bf8 16. Bxf8 Kxf8 17. Qg4 Kf7 18. Nd6+ Ke7 19. Nxe8 Qxe8 20. Rfe1+
Kd6 21. Rxe8 Rxe8 22. Kf1 b5 23. Re1 Rc8 24. Qxg7 N7b6 25. Ne4+ Ke6 26. Nxf6+
Kf5 27. Nxd5 Nxd5 28. Re5+ Kf4 29. Qg3# 1-0

[Event "Tournoi Skype 030B"]
[Site "Skype"]
[Date "????.??.??"]
[Round "2.47"]
[White "Baratta, Giuseppe"]
[Black "Linares Vernet, Ana"]
[Result "1-0"]
[WhiteElo "1000"]
[BlackElo "1140"]
[PlyCount "39"]

1. d4 d5 2. Nc3 Nf6 3. Nf3 e6 4. Bf4 Bd6 5. e3 Bxf4 6. exf4 a6 7. Bd3 c5 8.
dxc5 d4 9. Ne4 Qa5+ 10. c3 Nxe4 11. Bxe4 dxc3 12. O-O cxb2 13. Rb1 Qxc5 14. Qc2
Qxc2 15. Bxc2 Nc6 16. Rxb2 O-O 17. Ne5 Nxe5 18. fxe5 Rd8 19. Rd1 Rb8 20. Rxd8#
1-0

[Event "Tournoi Skype 030B"]
[Site "Skype"]
[Date "????.??.??"]
[Round "2.48"]
[White "Rodriguez, Nathalie"]
[Black "Achicanoy, Yolanda"]
[Result "1/2-1/2"]
[WhiteElo "1127"]
[BlackElo "1000"]
[PlyCount "107"]

1. d4 d5 2. Bf4 Bg4 3. Nf3 e6 4. Nc3 Nf6 5. e3 Nc6 6. Nb5 Bb4+ 7. c3 Ba5 8. Be2
O-O 9. h3 Bf5 10. O-O a6 11. Na3 Be4 12. Nc2 b5 13. Ne5 Nxe5 14. dxe5 Nd7 15.
Nd4 Bb6 16. Nc6 Qh4 17. Bg3 Qg5 18. f4 Qxg3 19. Bf3 Bxe3+ 20. Kh1 Bxf3 21. Rxf3
Qh4 22. Rxe3 Qxf4 23. Qe2 g6 24. Rf1 Qa4 25. a3 Kh8 26. Ref3 f5 27. Rf4 Rae8
28. Rxa4 Rf7 29. Raf4 Nf8 30. Qe3 h6 31. Rh4 g5 32. Rxh6+ Nh7 33. Qa7 Kg7 34.
Rxh7+ Kxh7 35. Qxa6 Rg8 36. Qxb5 g4 37. h4 Kh6 38. g3 f4 39. Qc5 Kh5 40. Kg2
f3+ 41. Kg1 f2+ 42. Rxf2 Rf3 43. Ne7 Rxg3+ 44. Kf1 Rg7 45. Qxc7 Kxh4 46. Qd8
Rh3 47. Ng6+ Kg3 48. Qg5 Rh1+ 49. Ke2 Rb7 50. Qf4+ Kh3 51. Qe3+ g3 52. Nf4+ Kh4
53. Ng6+ Kh3 54. Nf4+ 1/2-1/2

[Event "Tournoi Skype 030B"]
[Site "Skype"]
[Date "????.??.??"]
[Round "2.50"]
[White "Cifuentes, Jorge Mario"]
[Black "Abate, Luigi"]
[Result "0-1"]
[WhiteElo "1000"]
[BlackElo "1119"]
[PlyCount "58"]

1. e4 Nc6 2. Bc4 e6 3. Nf3 Bc5 4. c3 Nf6 5. d3 O-O 6. Nbd2 Ng4 7. d4 Bb6 8. Nf1
Re8 9. Bg5 f6 10. Bh4 d5 11. Bd3 dxe4 12. Bxe4 h6 13. h3 e5 14. hxg4 exd4 15.
Qc2 d3 16. Qb3+ Be6 17. Qd1 Bxg4 18. N1h2 Rxe4+ 19. Kd2 Bxf3 20. Qb3+ Kh8 21.
Nxf3 Bxf2 22. Bxf2 Re2+ 23. Kc1 Rxf2 24. Qd1 Qd6 25. Nh4 Re8 26. Ng6+ Kg8 27.
Rf1 Ree2 28. Nf8 Qf4+ 29. Kb1 Rxb2# 0-1

[Event "Tournoi Skype 030B"]
[Site "Skype"]
[Date "????.??.??"]
[Round "2.51"]
[White "Montilla Bejarano, Mey"]
[Black "De Souza, Edinei"]
[Result "0-1"]
[WhiteElo "1116"]
[BlackElo "1000"]
[PlyCount "48"]

1. e4 c6 2. c4 e5 3. Nf3 d6 4. h3 h6 5. Nc3 Nf6 6. d4 Nbd7 7. dxe5 dxe5 8. Be3
Bb4 9. Bd3 Bxc3+ 10. bxc3 a6 11. Rb1 Qc7 12. Bb6 Nxb6 13. h4 Be6 14. Qb3 Nfd7
15. a4 a5 16. Nd2 O-O 17. Qb2 Nc5 18. Qxb6 Qxb6 19. Rxb6 Nxd3+ 20. Ke2 Nc5 21.
Ra1 Rab8 22. Kd1 Nd7 23. Rb2 Nf6 24. c5 Ng4 0-1

[Event "Tournoi Skype 030B"]
[Site "Skype"]
[Date "????.??.??"]
[Round "2.52"]
[White "Elvira Sanchez, Adalberto"]
[Black "Bellati, Fabio"]
[Result "0-1"]
[WhiteElo "1000"]
[BlackElo "1104"]
[PlyCount "70"]

1. d4 d5 2. Nc3 Nf6 3. Bf4 a6 4. e3 Nc6 5. Nf3 e6 6. a3 Be7 7. Bd3 O-O 8. Ne5
Bd7 9. Qf3 b5 10. Qh3 h6 11. Nxd7 Qxd7 12. f3 Rfe8 13. g4 Bd6 14. g5 Bxf4 15.
gxf6 g6 16. exf4 h5 17. O-O-O Nxd4 18. Ne2 Nxe2+ 19. Bxe2 Qd6 20. Qh4 c5 21. c3
c4 22. Rd2 a5 23. Rhd1 Rec8 24. Kb1 b4 25. Bxc4 Rxc4 26. f5 Rxh4 27. fxg6 fxg6
28. Rf1 bxc3 29. bxc3 Qxa3 30. f4 Rc8 31. Rc2 Rxc3 32. Rxc3 Qxc3 33. Rc1 Qb3+
34. Ka1 Rxf4 35. h3 Ra4# 0-1

[Event "Tournoi Skype 030B"]
[Site "Skype"]
[Date "????.??.??"]
[Round "2.53"]
[White "Conde, Ramon"]
[Black "Dodi, Roberto"]
[Result "1-0"]
[WhiteElo "1104"]
[BlackElo "1000"]
[PlyCount "62"]

1. e4 c5 2. Nf3 d6 3. d4 cxd4 4. Nxd4 Nf6 5. Nc3 e6 6. Be3 Be7 7. f3 O-O 8. Qd2
Nc6 9. O-O-O Bd7 10. h4 Rc8 11. h5 h6 12. Be2 a6 13. g4 Nh7 14. Nxc6 Rxc6 15.
Bd3 b5 16. e5 d5 17. Bxh7+ Kxh7 18. f4 b4 19. Ne2 a5 20. g5 a4 21. g6+ Kg8 22.
Nd4 Rc8 23. Rdf1 b3 24. axb3 axb3 25. Nxb3 Rc6 26. f5 Qb8 27. Bxh6 Qxb3 28. Kb1
Ra8 29. cxb3 Rca6 30. gxf7+ Kxf7 31. fxe6+ Ke8 1-0

[Event "Tournoi Skype 030B"]
[Site "Skype"]
[Date "????.??.??"]
[Round "2.54"]
[White "Franco Flores, Ximena"]
[Black "Schuh, David"]
[Result "1-0"]
[WhiteElo "1000"]
[BlackElo "1103"]
[PlyCount "61"]

1. e4 e5 2. Nf3 Nc6 3. Bc4 Nf6 4. c3 Nxe4 5. d3 Nf6 6. O-O d5 7. Bb3 Bg4 8. Re1
Bc5 9. h3 Bh5 10. Nbd2 Qd6 11. d4 O-O 12. dxc5 Qxc5 13. c4 d4 14. Ne4 Nxe4 15.
Rxe4 Rad8 16. g4 Bg6 17. Re1 Rfe8 18. Ba4 Qxc4 19. Nxe5 Rd5 20. Nxc4 Red8 21.
f4 d3 22. f5 d2 23. Bxd2 Bxf5 24. gxf5 Rxf5 25. Ne3 Nd4 26. Nxf5 Nxf5 27. Rf1
Rd5 28. Bb3 Re5 29. Bf4 Re4 30. Qd8+ Re8 31. Qxe8# 1-0

[Event "Tournoi Skype 030B"]
[Site "Skype"]
[Date "????.??.??"]
[Round "2.55"]
[White "Ruiz Aguilera, Juan Jesus"]
[Black "Gagnon, Sindy"]
[Result "1-0"]
[WhiteElo "1102"]
[BlackElo "1000"]
[PlyCount "39"]

1. e4 e5 2. Nf3 d6 3. Bc4 Qd7 4. d4 Nf6 5. dxe5 Nxe4 6. exd6 Bxd6 7. Nbd2 Nf6
8. Ng5 O-O 9. O-O h6 10. Nxf7 Kh7 11. Bd3+ g6 12. Qf3 Rxf7 13. h3 c6 14. Nc4
Bc7 15. Qe3 b5 16. Qxh6+ Kg8 17. Bxg6 Re7 18. Bg5 bxc4 19. Bxf6 Qd6 20. Qh8#
1-0

[Event "Tournoi Skype 030B"]
[Site "Skype"]
[Date "????.??.??"]
[Round "2.56"]
[White "Garcia Arzola, Antonio"]
[Black "Homme, Jim"]
[Result "1-0"]
[WhiteElo "1000"]
[BlackElo "1100"]
[PlyCount "63"]

1. e4 e6 2. Nf3 Nc6 3. Nc3 d6 4. d4 Nf6 5. Bc4 Be7 6. d5 Na5 7. Bb5+ Bd7 8. a4
a6 9. dxe6 fxe6 10. b4 Nb3 11. cxb3 axb5 12. a5 O-O 13. O-O Bc6 14. Qe2 d5 15.
Ne5 Qd6 16. Nxc6 Qxc6 17. Nxb5 Bxb4 18. Bb2 Nxe4 19. Rfc1 Bc3 20. Nxc3 Nxc3 21.
Rxc3 Qd6 22. Ba3 Qa6 23. Qxa6 bxa6 24. Bxf8 Rxf8 25. Rxc7 Rf7 26. Rc6 Rd7 27.
Rxe6 Kf7 28. Rxa6 d4 29. Rc6 d3 30. Rcc1 d2 31. Rd1 Ke6 32. a6 1-0

[Event "Tournoi Skype 030B"]
[Site "Skype"]
[Date "????.??.??"]
[Round "2.58"]
[White "Jacinto Sebastian, Carlos Ivan"]
[Black "Dib, Catherine"]
[Result "0-1"]
[WhiteElo "1000"]
[BlackElo "1096"]
[PlyCount "80"]

1. e4 c5 2. d4 cxd4 3. c3 Nc6 4. Nf3 d6 5. Bc4 e6 6. h3 Nf6 7. O-O Be7 8. Ng5
O-O 9. f4 h6 10. e5 dxe5 11. fxe5 Nxe5 12. h4 Nxc4 13. Qd3 hxg5 14. hxg5 Ng4
15. Qxc4 Ne5 16. Qe2 Ng6 17. Kf2 e5 18. Nd2 b6 19. Nf3 Bb7 20. Nxe5 Bd6 21. Rh1
Nxe5 22. Qh5 f6 23. g6 Nxg6 24. Qxg6 f5 25. Bh6 Rf7 26. Rae1 Qd7 27. Rh5 Raf8
28. Bg5 Rf6 29. Rh8+ Kxh8 30. Rh1+ Kg8 31. Rh7 Rxg6 32. Rh1 Rxg5 33. g3 f4 34.
cxd4 fxg3+ 35. Ke2 g2 36. Rg1 Qb5+ 37. Kd2 Rf2+ 38. Kc1 Qc4+ 39. Kd1 Qc2+ 40.
Ke1 Re5+ 0-1

[Event "Tournoi Skype 030B"]
[Site "Skype"]
[Date "????.??.??"]
[Round "2.59"]
[White "Lai, Mattia"]
[Black "Ibanez, Bittor"]
[Result "0-1"]
[WhiteElo "1000"]
[BlackElo "1080"]
[PlyCount "76"]

1. d4 c5 2. c3 Nf6 3. Bf4 Nh5 4. e3 Nxf4 5. exf4 cxd4 6. cxd4 e6 7. a3 a6 8.
Bd3 Nc6 9. Nf3 b5 10. Nbd2 Bd6 11. g3 b4 12. Nc4 Bc7 13. h3 d5 14. Ne3 Ba5 15.
Qc2 b3+ 16. Qc3 Bxc3+ 17. bxc3 b2 18. Rb1 Qa5 19. Nd1 Rb8 20. O-O O-O 21. g4
Qxa3 22. h4 Nb4 23. Bxh7+ Kxh7 24. Ng5+ Kg8 25. f5 Na2 26. h5 Nxc3 27. Nxc3
Qxc3 28. Rfd1 Qc2 29. Re1 Qd2 30. Nf3 Qf4 31. g5 Qxf3 32. h6 Qxf5 33. f4 Qxf4
34. h7+ Kh8 35. g6 fxg6 36. Kg2 Qf2+ 37. Kh3 Rf3+ 38. Kg4 Qg3# 0-1

[Event "Tournoi Skype 030B"]
[Site "Skype"]
[Date "????.??.??"]
[Round "2.60"]
[White "Mfengu, Daluthando"]
[Black "Gerbaux, Regis"]
[Result "1-0"]
[WhiteElo "1000"]
[BlackElo "1075"]
[PlyCount "45"]

1. e4 c5 2. Nf3 Nc6 3. c3 e5 4. Bb5 a6 5. Bxc6 bxc6 6. d4 cxd4 7. cxd4 d6 8.
dxe5 Qa5+ 9. Nc3 dxe5 10. Bd2 Qb6 11. Na4 Qc7 12. O-O Nf6 13. Re1 Bd6 14. a3
O-O 15. Bb4 Bxb4 16. axb4 Be6 17. Nc5 Rfd8 18. Qc2 Qb6 19. Nxe6 fxe6 20. Nxe5
Rac8 21. Qc5 Qxc5 22. bxc5 Rb8 23. Nxc6 1-0

[Event "Tournoi Skype 030B"]
[Site "Skype"]
[Date "????.??.??"]
[Round "2.61"]
[White "Maccaferri, Massimo"]
[Black "Marroquin Mayhua, Silvia"]
[Result "1-0"]
[WhiteElo "1074"]
[BlackElo "1000"]
[PlyCount "41"]

1. e4 e5 2. Bc4 Nf6 3. Nc3 Bc5 4. Nd5 c6 5. Nxf6+ Qxf6 6. Nf3 d5 7. exd5 e4 8.
d4 b5 9. Bg5 Qf5 10. dxc5 bxc4 11. dxc6 O-O 12. c7 Nc6 13. Nd4 Qxg5 14. Nxc6
Qxg2 15. Rf1 Qxh2 16. Qd8 Bh3 17. O-O-O Bxf1 18. Nb8 Qf4+ 19. Kb1 Bd3 20. c8=Q
Qxb8 21. Qxf8# 1-0

[Event "Tournoi Skype 030B"]
[Site "Skype"]
[Date "????.??.??"]
[Round "2.63"]
[White "Radice, Marco"]
[Black "Swanepoel, Karel"]
[Result "1-0"]
[WhiteElo "1000"]
[BlackElo "1058"]
[PlyCount "115"]

1. d4 Nf6 2. Bf4 Nc6 3. e3 d5 4. Nf3 Bg4 5. Be2 h6 6. O-O e6 7. c4 Bd6 8. Nc3
O-O 9. Ne5 Bxe2 10. Qxe2 a6 11. c5 Nxe5 12. dxe5 Bxc5 13. exf6 Qxf6 14. Bxc7
Rac8 15. Bf4 d4 16. Ne4 Qh4 17. Bg3 Qxe4 18. Bf4 e5 19. f3 d3 20. Qf2 Qf5 21.
Bg3 Rfe8 22. Kh1 Bb4 23. e4 Bc5 24. exf5 Bxf2 25. Rxf2 Red8 26. Bxe5 d2 27.
Rff1 Rc2 28. f6 g6 29. Bf4 g5 30. Be3 Rdc8 31. Rad1 Rxb2 32. Bxd2 Rcc2 33. Bc1
Rxa2 34. Rd8+ Kh7 35. Rg1 Rf2 36. Rd7 Ra4 37. Rxf7+ Kg6 38. Rf8 Rc4 39. f7 Rc7
40. Be3 Re2 41. Bb6 Rxf7 42. Rxf7 Kxf7 43. h3 Rb2 44. Bd4 Rd2 45. Be5 Kg6 46.
g4 b5 47. Ra1 Re2 48. Rxa6+ Kf7 49. f4 Re1+ 50. Kg2 Re2+ 51. Kf3 Rh2 52. fxg5
Rxh3+ 53. Kg2 Re3 54. g6+ Ke7 55. g7 Rxe5 56. g8=Q Rg5 57. Qh7+ Ke8 58. Ra8#
1-0

[Event "Tournoi Skype 030B"]
[Site "Skype"]
[Date "????.??.??"]
[Round "2.64"]
[White "Ramirez, Luis Antonio"]
[Black "Molina, Maria Lucia"]
[Result "1-0"]
[WhiteElo "1049"]
[BlackElo "1000"]
[PlyCount "73"]

1. d4 f5 2. Nf3 d5 3. e3 e6 4. c3 Nf6 5. Bd3 Bd6 6. g3 c6 7. Ne5 Nbd7 8. f4 Ne4
9. O-O O-O 10. Nf3 b5 11. Nbd2 h6 12. Ne5 Nxe5 13. fxe5 Be7 14. Nf3 Qb6 15. a3
b4 16. axb4 Ba6 17. Bxa6 Rab8 18. Bd3 Qc7 19. Nh4 g5 20. Ng6 Rfe8 21. Qh5 Bf8
22. Nxf8 Kxf8 23. Qxh6+ Ke7 24. Bxe4 dxe4 25. Qxg5+ Kd7 26. Bd2 Rg8 27. Qh5 Rg4
28. h3 Rxg3+ 29. Kh2 Rbg8 30. Be1 Rg2+ 31. Kh1 Rxb2 32. Rg1 Qd8 33. Qh7+ Kc8
34. Rxg8 Rg2 35. Rxg2 Qd5 36. Rg7 Qb3 37. Qh8# 1-0

[Event "Tournoi Skype 030B"]
[Site "Skype"]
[Date "????.??.??"]
[Round "2.65"]
[White "Guevara, Lizbeth"]
[Black "Samudio Villarreal, Eduardo"]
[Result "1-0"]
[WhiteElo "1036"]
[BlackElo "1000"]
[PlyCount "47"]

1. d4 d5 2. Nf3 Bg4 3. Ne5 Nf6 4. h3 Bh5 5. Nd2 e6 6. c3 c6 7. Qb3 Qb6 8. Qc2
g6 9. e4 dxe4 10. Nxe4 Nxe4 11. Qxe4 Bd6 12. Nc4 Qc7 13. Bd3 Na6 14. g4 Bxg4
15. hxg4 Be7 16. Bf4 Qd7 17. Be5 O-O 18. Qg2 b5 19. Qh2 Bh4 20. Qxh4 h5 21.
gxh5 f6 22. Qg5 fxg5 23. hxg6 bxc4 24. Rh8# 1-0

[Event "Tournoi Skype 030B"]
[Site "Skype"]
[Date "????.??.??"]
[Round "2.66"]
[White "Santa Cruz, Oscar Ruben"]
[Black "Bland, Marilyn"]
[Result "0-1"]
[WhiteElo "1000"]
[BlackElo "1034"]
[PlyCount "54"]

1. e4 d6 2. Nf3 Nc6 3. d4 Nf6 4. Nc3 a6 5. a3 g6 6. d5 Ne5 7. Nd4 Bg7 8. Be2
O-O 9. O-O Bd7 10. h3 c6 11. Bf4 cxd5 12. exd5 Qc7 13. Ncb5 axb5 14. Bg5 h6 15.
Bxf6 Bxf6 16. Nxb5 Bxb5 17. Bxb5 Qc5 18. Be2 Nc4 19. b3 Bxa1 20. Qxa1 Rxa3 21.
Qc3 Ne5 22. Qg3 Qxd5 23. Bh5 Qd2 24. f4 Qd4+ 25. Kh1 Kh7 26. fxe5 gxh5 27. Rf4
Ra1+ 0-1

[Event "Tournoi Skype 030B"]
[Site "Skype"]
[Date "????.??.??"]
[Round "2.67"]
[White "Torres, Vicky"]
[Black "Wildt, Gerti"]
[Result "1-0"]
[WhiteElo "1034"]
[BlackElo "1000"]
[PlyCount "55"]

1. d4 Nf6 2. Nf3 g6 3. Nc3 d5 4. Bf4 Bg7 5. Nb5 O-O 6. Nxc7 e5 7. Bxe5 Bg4 8.
Nxa8 Bxf3 9. exf3 Nc6 10. Nc7 Nxe5 11. dxe5 Qxc7 12. Bd3 Qxe5+ 13. Be2 Re8 14.
c3 d4 15. cxd4 Qa5+ 16. Qd2 Qc7 17. O-O Nd5 18. Rac1 Qd7 19. Rfe1 h6 20. f4 Qf5
21. g3 Kh7 22. Bd3 Qf6 23. Rxe8 Qxd4 24. Rc2 Nf6 25. Re7 Bf8 26. Rxf7+ Kg8 27.
Rxb7 Ng4 28. Bc4+ 1-0

[Event "Tournoi Skype 030B"]
[Site "Skype"]
[Date "????.??.??"]
[Round "3.1"]
[White "Abdulrazzaq, Mohsen"]
[Black "Gomez Caballero, Blas"]
[Result "1-0"]
[WhiteElo "1346"]
[BlackElo "1133"]
[PlyCount "103"]

1. e4 e5 2. Nf3 d6 3. Nc3 Bg4 4. d4 exd4 5. Qxd4 Nc6 6. Bb5 a6 7. Bxc6+ bxc6 8.
O-O Bxf3 9. gxf3 h6 10. Bf4 Ne7 11. Kh1 Ng6 12. Be3 c5 13. Qd2 Nh4 14. Qe2 Qf6
15. f4 Qg6 16. Rg1 Qf6 17. Nd5 Qd8 18. e5 c6 19. Nc3 d5 20. f5 d4 21. Rad1 Nxf5
22. Bf4 g5 23. Bc1 Qe7 24. Ne4 Bg7 25. Qg4 Qe6 26. Nd6+ Nxd6 27. Qxe6+ fxe6 28.
exd6 O-O-O 29. f4 Rxd6 30. fxg5 hxg5 31. Rxg5 Rd7 32. Rdg1 Rh7 33. Rxc5 Kb7 34.
Bf4 d3 35. cxd3 Bd4 36. Rgc1 Bxc5 37. Rxc5 Rxd3 38. Re5 Rh4 39. Bg3 Rh6 40. Kg1
Rg6 41. Kf2 Rd2+ 42. Re2 Rxe2+ 43. Kxe2 c5 44. Kf3 Rg5 45. h4 Rf5+ 46. Kg4 Kc8
47. h5 Kd7 48. h6 Rf7 49. Kg5 Rf3 50. Bh4 Rh3 51. h7 Rxh4 52. Kxh4 1-0

[Event "Tournoi Skype 030B"]
[Site "Skype"]
[Date "????.??.??"]
[Round "3.2"]
[White "Herrera, Oscar"]
[Black "Duthoit, Bernard"]
[Result "1-0"]
[WhiteElo "1126"]
[BlackElo "1333"]
[PlyCount "43"]

1. e4 e6 2. Nc3 Bb4 3. a3 Bxc3 4. bxc3 d5 5. exd5 exd5 6. d4 Nf6 7. Bd3 O-O 8.
h3 Re8+ 9. Ne2 Nc6 10. O-O Ne4 11. Bb2 Ng5 12. Ng3 Ne4 13. Qh5 Nf6 14. Qh4 h6
15. Bf5 Bxf5 16. Nxf5 Ne4 17. Qg4 Qg5 18. Qxg5 Nxg5 19. Rae1 Re6 20. Bc1 Rae8
21. Re3 Ne7 22. Rxe6 1-0

[Event "Tournoi Skype 030B"]
[Site "Skype"]
[Date "????.??.??"]
[Round "3.3"]
[White "Mira Poveda, Jose Antonio"]
[Black "Lago Carballo, Maria Del Carmen"]
[Result "0-1"]
[WhiteElo "1117"]
[BlackElo "1294"]
[PlyCount "74"]

1. e4 d5 2. e5 Bf5 3. d4 e6 4. Nf3 Be7 5. Bd3 Bg6 6. O-O c5 7. c3 c4 8. Bxg6
hxg6 9. b3 b5 10. a4 Qa5 11. b4 Qb6 12. Na3 a6 13. Bg5 Nh6 14. Bxe7 Kxe7 15.
axb5 axb5 16. Ng5 f6 17. Nxc4 Rxa1 18. Qxa1 bxc4 19. exf6+ gxf6 20. Nf3 Nf5 21.
Re1 Nd7 22. h3 Qc6 23. Qa3 Kf7 24. Qa7 Ra8 25. b5 Qc8 26. Ra1 Rxa7 27. Rxa7 Ne7
28. Ra6 Qb7 29. Ra5 Qb6 30. Ra1 Qxb5 31. Nh4 Qb3 32. Rc1 Qb2 33. Rd1 Qxc3 34.
Nf3 Qc2 35. Rd2 Qe4 36. g3 Qxf3 37. h4 Nf5 0-1

[Event "Tournoi Skype 030B"]
[Site "Skype"]
[Date "????.??.??"]
[Round "3.4"]
[White "Roman, Sylvian"]
[Black "Crocioni, Luca"]
[Result "1-0"]
[WhiteElo "1284"]
[BlackElo "1119"]
[PlyCount "87"]

1. d4 d5 2. Bf4 Nf6 3. e3 h6 4. Nf3 Bf5 5. h3 e6 6. Nbd2 Bd6 7. Ne5 c6 8. Ndf3
Nbd7 9. c3 Qe7 10. Bd3 Bxd3 11. Nxd3 Bxf4 12. Nxf4 Ne4 13. Nd3 Nb6 14. Nfe5 Nc4
15. Nxc4 dxc4 16. Ne5 Qh4 17. Qf3 Nd6 18. g3 Qe7 19. Nxc6 Qc7 20. Ne5 O-O 21.
O-O Rac8 22. Rfc1 Nf5 23. e4 Nd6 24. b4 cxb3 25. axb3 b5 26. Ra6 Qe7 27. Rca1
Rxc3 28. Qxc3 Nxe4 29. Qc6 Ng5 30. Kg2 Qd8 31. Nd7 Re8 32. Rxa7 Qe7 33. Ra8
Rxa8 34. Rxa8+ Kh7 35. h4 Kg6 36. hxg5 Qxg5 37. Nf8+ Kh5 38. Qf3+ Qg4 39. Qxf7+
g6 40. Nxe6 Qe4+ 41. Qf3+ Qxf3+ 42. Kxf3 g5 43. g4+ Kh4 44. Rh8 1-0

[Event "Tournoi Skype 030B"]
[Site "Skype"]
[Date "????.??.??"]
[Round "3.5"]
[White "Prieto, Jairo Ovidio"]
[Black "Hernandez Lopez, Joaquin"]
[Result "1-0"]
[WhiteElo "1277"]
[BlackElo "1061"]
[PlyCount "105"]

1. e4 c5 2. c4 Nc6 3. Nf3 d6 4. d4 cxd4 5. Nxd4 Nf6 6. Nxc6 bxc6 7. Nc3 Bg4 8.
Be2 Bxe2 9. Qxe2 Qa5 10. Bd2 Qe5 11. f4 Qh5 12. Qxh5 Nxh5 13. O-O e6 14. b4 Be7
15. Rae1 O-O 16. e5 d5 17. g4 Nf6 18. exf6 Bxf6 19. Ne2 Rab8 20. g5 Be7 21. c5
Rb5 22. Nd4 Rb7 23. Nxc6 Bd8 24. Bc3 Rc7 25. Nd4 Re8 26. Nb5 Rc6 27. Nd6 Re7
28. Bd4 Ra6 29. Re2 Ra3 30. Nb5 Rd3 31. Re3 Rxe3 32. Bxe3 a6 33. Nd4 e5 34. Nf5
Re6 35. fxe5 Rxe5 36. Bd4 Re4 37. h4 g6 38. Nh6+ Kf8 39. Rxf7+ Ke8 40. Bf2 d4
41. Rf3 Bc7 42. Nf7 Rf4 43. Rxf4 Bxf4 44. Nd6+ Bxd6 45. cxd6 d3 46. Kf1 d2 47.
Ke2 d1=Q+ 48. Kxd1 Kd7 49. Bg3 Kc6 50. Kc2 Kd7 51. Kc3 Kc6 52. Kc4 Kd7 53. Kc5
1-0

[Event "Tournoi Skype 030B"]
[Site "Skype"]
[Date "????.??.??"]
[Round "3.6"]
[White "Battaglia, Gabriele"]
[Black "Guillen Andrinal, Pablo"]
[Result "1-0"]
[WhiteElo "1271"]
[BlackElo "1024"]
[PlyCount "29"]

1. Nf3 Nc6 2. g3 g6 3. Bg2 Bg7 4. O-O Nf6 5. d3 O-O 6. Nbd2 d6 7. c4 e6 8. Rb1
Rb8 9. b3 Re8 10. Bb2 e5 11. d4 exd4 12. Nxd4 Qd7 13. Nxc6 Qxc6 14. Bxc6 Rxe2
15. Qxe2 1-0